Statistics for Most expensive cities in Europe

Click here to take the quiz!

General Stats

  • This quiz has been taken 95 times
  • The average score is 15 of 20

Answer Stats

#City% Correct
2London
95%
11Paris
95%
6Oslo
90%
9Stockholm
89%
20Rome
88%
3Zurich
86%
5Copenhagen
85%
12Vienna
84%
17Helsinki
83%
14Amsterdam
82%
4Bern
82%
13Dublin
80%
1Geneva
78%
16Munich
78%
18Moscow
69%
8Reykjavik
68%
19Frankfurt
61%
10Luxembourg
53%
15The Hague
19%
7Stavanger
3%

Score Distribution

Percentile by Number Answered

Percent of People with Each Score

Your Score History

You have not taken this quiz